Một số giải pháp tăng cường thu hút vốn đầu tư trực tiếp nước ngoài từ Nhật Bản tại TP Đà Nẵng /
Cơ sơ li luan ve đau tư trưc tiep nươc ngoai.
Gorde:
| Egile nagusia: | |
|---|---|
| Beste egile batzuk: | |
| Formatua: | Luận văn |
| Hizkuntza: | Vietnamese |
| Argitaratua: |
ĐHĐN-Trương ĐH ngoại ngữ.,
2013.
|
| Gaiak: | |
| Etiketak: |
Etiketa erantsi
Etiketarik gabe, Izan zaitez lehena erregistro honi etiketa jartzen!
|
| Thư viện lưu trữ: | Mạng thư viện Đại học Đà Nẵng |
|---|
| LEADER | 01559na a2200373 4500 | ||
|---|---|---|---|
| 001 | 000031285 | ||
| 003 | 5924 | ||
| 005 | 20230402112011.0 | ||
| 008 | 151001s2013 000 vie | ||
| 040 | |a LNN | ||
| 041 | |a vie | ||
| 082 | |a 959.73326 |b LÊ-L | ||
| 100 | |a Lê Thị Khánh Ly | ||
| 245 | 0 | |a Một số giải pháp tăng cường thu hút vốn đầu tư trực tiếp nước ngoài từ Nhật Bản tại TP Đà Nẵng / |c Lê Thị Khánh Ly. | |
| 246 | |a Luan văn tot nghiep | ||
| 260 | |b ĐHĐN-Trương ĐH ngoại ngữ., |c 2013. | ||
| 300 | |a 30cm : |b 72 tr;. | ||
| 502 | 2 | |a Luan văn sinh vien | |
| 505 | |a Chuyen nghanh Quoc te hoc | ||
| 520 | |a Cơ sơ li luan ve đau tư trưc tiep nươc ngoai. |x Thu hut von đau tư trưc tiep nươc ngoai tư Nhat Ban cua TP Đa Năng tư năm 2008 đen nay. | ||
| 650 | |a Đau tư |b Đau tư nươc ngoai |c Nhat Ban |h Viet nam | ||
| 653 | |a Lê Thị Khánh Ly, 2013, đầu tư, nhật bản, đà nẵng, | ||
| 700 | |a ThS.Đặng Vinh |b huong dan | ||
| 852 | |b Luận văn tot nghiep |c Khoa Quoc te hoc | ||
| OWN | |a LNN | ||
| AVA | |a UDN50 |b LNN |d 959.73326 LÊ-L |e available |t Error 5001 Not defined in file expand_doc_bib_avail. |f 3 |g 0 |h N |i 0 | ||
| 999 | |a From the UDN01 | ||
| AVA | |a UDN50 |b LNN |d 959.73326 LÊ-L |e available |t Error 5001 Not defined in file expand_doc_bib_avail. |f 3 |g 0 |h N |i 0 | ||
| TYP | |a Dissertation | ||
| TYP | |a Printed language | ||
| 980 | |a Mạng thư viện Đại học Đà Nẵng | ||